000 00499nam a22001457a 4500
003 MACL
005 20170131125239.0
008 170131b xxu||||| |||| 00| 0 eng d
040 _c MACL
100 _aसिंह डा कमलेश नेगी
_966721
245 _aदलित साहित्‍य के सरोकार
260 _aदिल्‍ली
_bअनंग प्रकाशन
_c2015
650 _aदलित साहित्‍य
_949167
942 _2ddc
_cHIN
999 _c56042
_d56042